| 000 | 01465nam0a2200361 4500 | ||
|---|---|---|---|
| 001 | RU\NLR\BIBL_A\012103236 | ||
| 005 | 20260412031138.0 | ||
| 010 |
_a978-5-4484-1355-1 _9800 |
||
| 021 |
_aRU _b2019-62897 _9КН-П-4503 |
||
| 035 | _a(NLR Aleph) 012103236 | ||
| 035 | _a(RuMoRGB)010073069 | ||
| 090 |
_a11918216 _c11918216 |
||
| 100 | _a20190927d2019 k y0rusy50 ca | ||
| 101 | 0 | _arus | |
| 102 | _aRU | ||
| 105 | _ac|||zzzz0|1yd | ||
| 200 | 1 |
_a"Кухня" НКВД _fНиколай Черушев |
|
| 210 |
_aМосква _cВече _d2019 |
||
| 215 |
_a269, [18] с. _cил., портр. _d22 |
||
| 225 | 1 | _aСталиниана | |
| 320 | _aБиблиогр.: с. 268-270 (73 назв.) | ||
| 333 | _a12+ | ||
| 601 | 0 | 1 |
_aСССР _bНародный комиссариат внутренних дел _jДокументы и материалы _3RU\NLR\AUTH\66764952 _91715327 |
| 606 | 1 |
_aРепрессии политические _jДокументы и материалы _yСССР _z1930 - 1950-ые гг. _92450076 _3RU\NLR\AUTH\661456794 |
|
| 686 | 1 | _aТ3(2)7-3,011 | |
| 686 | 1 | _aХ621.162.01,011 | |
| 700 | 1 |
_8rus _7ca _aЧерушев _bН. С. _f1938- _gНиколай Семенович _3RU\NLR\AUTH\7748468 _931403 |
|
| 942 | _cBOOK | ||
| 980 | _aNBR | ||
| 980 | _aNB | ||